00417nam a2200133 i 4500001000300000100002800003245005800031260002100089040000800110041000800118080001800126008004100144856009800185bg1 aBOCHEŃSKI, Aleksander 0aPrzemysł Polski w dawnych wiekach /cA. Bocheński. aWarszawa,c1984. cBPK apol a66/69".../17" s pl f |000 0 pol  uhttp://koha.tu.koszalin.pl/cgi-bin/koha/opac-detail.pl?biblionumber=22922yKatalog online BPK